World Horse Population Quiz Stats

Quiz Updated Sep 29, 2012

Challenge
Share
Tweet
Embed
Score 0/20 Timer 03:00
6 Plays Today
Rank Country % Correct
1.United States
98.9%
2.China
94.8%
9.Russia
91.6%
3.Mexico
91.3%
4.Brazil
91%
5.Argentina
86.6%
12.India
82.9%
14.Germany
80.8%
13.Peru
70.4%
6.Colombia
64%
Rank Country % Correct
7.Mongolia
61.2%
17.Venezuela
58.8%
20.Bolivia
52.2%
15.Ukraine
50%
10.Kazakhstan
42.8%
11.Romania
23.3%
18.Cuba
22.8%
8.Ethiopia
10.6%
19.Haiti
10%
16.Senegal
2.1%

You're not logged in!

Compare scores with friends on all Sporcle quizzes.
Sign Up with Email
OR
Log In

You Might Also Like...

Show Comments

Extras

Top Quizzes Today


Score Distribution

Your Account Isn't Verified!

In order to create a playlist on Sporcle, you need to verify the email address you used during registration. Go to your Sporcle Settings to finish the process.